| 000 | 00792nam a2200229Ia 4500 | ||
|---|---|---|---|
| 003 | GCL | ||
| 008 | 140319s9999 xx 000 0 ara d | ||
| 020 | _a0874509953 | ||
| 040 |
_aGCL / _cGCL |
||
| 082 | 0 | 4 |
_a953 _bا م |
| 100 | 1 | _aاحمد جدى | |
| 245 | 1 | 0 |
_aمحنة النهضة ولغز فى الفكر العربى الحديث والمعاصر / _cاحمد جدى |
| 250 | _aالاولى | ||
| 260 |
_aبيروت : _bمركز دراسات الوحدة العربية ، _c2005 |
||
| 300 |
_a212 ص ؛ _c24 سم |
||
| 650 | 0 | 4 | _aالفلسفة العربية |
| 650 | 0 | 4 | _aالفكر العربى |
| 650 | 0 | 4 | _aالنهضة - البلدان العربية |
| 650 | 0 | 4 | _aالتاريخ - مصادر |
| 650 | 0 | 4 | _aالتاريخ العربى المعاصر |
| 942 |
_2ddc _cBK |
||
| 999 |
_c7529 _d7529 |
||